00400nam a2200157Ia 45000010006000000050017000060080041000230410008000640820016000721000027000882450074001152600009001893000028001986500008002266540008002342327820260414150926.0260414t2016||||xx |||||||||||||| ||spa|| aESP a628.15bS17 aSaldarriaga, JuaneAUT 0aHidráulica de tuberías :babastecimiento de agua, redes y riesgos c2016 a894 páginas :c24 cm. aCNM aCCN